ბათუმის შოთა რუსთაველის სახელმწიფო უნივერსიტეტის ბიბლიოთეკა

Многообразия Эйнштейна. т.1 (ბიბ.ჩანაწერი № 48099)

000 -LEADER
fixed length control field 00471nam a2200193Ia 4500
001 - CONTROL NUMBER
control field 14980
003 - CONTROL NUMBER IDENTIFIER
control field GE_BSU
008 - FIXED-LENGTH DATA ELEMENTS--GENERAL INFORMATION
fixed length control field 181216s||||||||xx |||||||||||||| ||und||
040 ## - CATALOGING SOURCE
Transcribing agency GE_BSU
080 ## - UNIVERSAL DECIMAL CLASSIFICATION NUMBER
Universal Decimal Classification number 514
100 ## - MAIN ENTRY--PERSONAL NAME
Personal name Бессе,А.
245 ## - TITLE STATEMENT
Title Многообразия Эйнштейна. т.1
260 ## - PUBLICATION, DISTRIBUTION, ETC.
Place of publication, distribution, etc. Москва
260 ## - PUBLICATION, DISTRIBUTION, ETC.
Name of publisher, distributor, etc. Мир
260 ## - PUBLICATION, DISTRIBUTION, ETC.
Date of publication, distribution, etc. 1990
300 ## - PHYSICAL DESCRIPTION
Extent 318стр.22см.
653 ## - INDEX TERM--UNCONTROLLED
Uncontrolled term Многообразия Эйнштейна
942 ## - ADDED ENTRY ELEMENTS (KOHA)
Koha item type წიგნი
ეგზემპლარები
Withdrawn status Lost status Damaged status Not for loan Date acquired Barcode Date last seen Price effective from Koha item type
        2018-12-17 15061 2018-12-17 2018-12-17 წიგნი